Vplyv WTO na právny systém členských štátov WTO z pohľadu Číny

Gespeichert in:
Bibliographische Detailangaben
1. Verfasser: Wang, Guiguo
Körperschaft: Paneurópska vysoká škola
Format: Buch
Sprache:Slowakisch
Veröffentlicht: Bratislava Eurokódex 2012
Schlagworte:
Tags: Tag hinzufügen
Keine Tags, Fügen Sie das erste Tag hinzu!

MARC

LEADER 00000nam a2200000 4500
001 0283188
005 20240416113607.2
020 |a 978-80-89447-69-5 
041 0 |a slo 
044 |a SK 
245 1 0 |a Vplyv WTO na právny systém členských štátov WTO z pohľadu Číny  |c Guiguo Wang 
264 1 |a Bratislava  |b Eurokódex  |c 2012 
300 |a 244 s. 
610 2 0 |a Svetová obchodná organizácia 
610 2 0 |a právo medzinárodné 
610 2 0 |a globalizácia 
610 2 0 |a obchod zahraničný 
610 2 0 |a úpravy právne 
610 2 0 |a doložka výhod najvyšších 
610 2 0 |a služby 
610 2 0 |a vlastníctvo duševné 
610 2 0 |a Čína 
100 1 |a Wang, Guiguo 
710 2 |a Paneurópska vysoká škola